000 00512nam a2200169 a 4500
001 000043588
005 20250207125148.0
008 140327s2013 dr 000 0 spa d
020 _a9789945583595
040 _aDO-SdBNP
_bspaBNPHU
082 _axxx
_bxxx
100 1 _aMinaya, Ligia,
_d1941-
_923177
245 1 0 _aCartas a mi Nieto /
_cLigia Minaya.
260 _aSanto Domingo :
_bSantuario,
_c2013.
300 _a62 p. ;
_c23 cm.
500 _aIncluye datos biográficos de la autora en la solapa de la cubierta
999 _c43077
_d43077